ბათუმის შოთა რუსთაველის სახელმწიფო უნივერსიტეტის ბიბლიოთეკა

География и географиы: (ბიბ.ჩანაწერი № 36199)

000 -LEADER
fixed length control field 00966nam a2200229Ia 4500
001 - CONTROL NUMBER
control field 2102
003 - CONTROL NUMBER IDENTIFIER
control field GE_BSU
005 - DATE AND TIME OF LATEST TRANSACTION
control field 20221024111343.0
008 - FIXED-LENGTH DATA ELEMENTS--GENERAL INFORMATION
fixed length control field 181216s1987ru xx |||||||||||||| ||rus||
040 ## - CATALOGING SOURCE
Transcribing agency GE_BSU
041 ## - LANGUAGE CODE
Language code of text/sound track or separate title rus
080 ## - UNIVERSAL DECIMAL CLASSIFICATION NUMBER
Universal Decimal Classification number 911.3 Д-42
100 ## - MAIN ENTRY--PERSONAL NAME
Personal name Джонстон Р. Дж.
9 (RLIN) 15464
245 ## - TITLE STATEMENT
Title География и географиы:
Remainder of title Очерк развития англо-американской социальной географии после 1945 года /
Statement of responsibility, etc. Р.Дж. Джонстон, ер. с англ.Н.М. Алаевой, Под.ред. Э.Б.Алаева.
264 ## - PRODUCTION, PUBLICATION, DISTRIBUTION, MANUFACTURE, AND COPYRIGHT NOTICE
Place of production, publication, distribution, manufacture Москва :
Name of producer, publisher, distributor, manufacturer Прогресс,
Date of production, publication, distribution, manufacture, or copyright notice 1987.
300 ## - PHYSICAL DESCRIPTION
Extent 368 стр. :
Other physical details 21см.
653 ## - INDEX TERM--UNCONTROLLED
keyword География и географиы
653 ## - INDEX TERM--UNCONTROLLED
keyword გეოგრაფია
700 ## - ADDED ENTRY--PERSONAL NAME
Personal name Алаевой, .Н.М.
Relator term მთარგმნელი
9 (RLIN) 15465
700 ## - ADDED ENTRY--PERSONAL NAME
Personal name Алаева, Э.Б.
Relator term რედაქტორი
9 (RLIN) 15466
942 ## - ADDED ENTRY ELEMENTS (KOHA)
Koha item type წიგნი
Source of classification or shelving scheme
ეგზემპლარები
Withdrawn status Lost status Source of classification or shelving scheme Damaged status Not for loan Permanent Location Current Location Shelving location Date acquired Cost, normal purchase price Full call number Barcode Date last seen Copy number Price effective from Koha item type Public note
          ბათუმის შოთა რუსთაველის სახელმწიფო უნივერსიტეტის მთავარი ბიბლიოთეკა ბათუმის შოთა რუსთაველის სახელმწიფო უნივერსიტეტის მთავარი ბიბლიოთეკა წიგნსაცავი 2018-12-17 7.00 911.3 Д-42 4361 2018-12-17 4361 2018-12-17 წიგნი 7.00